Online Catalogue and eLibrary

Approaching Literature (Record no. 5920)

MARC details
000 -LEADER
fixed length control field 00483nam a22001937a 4500
005 - DATE AND TIME OF LATEST TRANSACTION
control field 20240902022727.0
008 - FIXED-LENGTH DATA ELEMENTS--GENERAL INFORMATION
fixed length control field 240902b |||||||| |||| 00| 0 eng d
020 ## - INTERNATIONAL STANDARD BOOK NUMBER
ISBN 0415135745
082 ## - DDC Classification
DDC Edition Number 22
Class No. 800
245 ## - TITLE STATEMENT
Title Approaching Literature
Remainder of title Literature and Gender
260 ## - PUBLICATION, DISTRIBUTION, ETC.
Place of publication, distribution, etc. London
Name of publisher, distributor, etc. Routledge
Date of publication, distribution, etc. 1996
300 ## - PHYSICAL DESCRIPTION
Extent (e.g. Volumes, Pages etc.) xiv, 403 p ., ( 2nd copy)
650 ## - SUBJECT ADDED ENTRY--TOPICAL TERM
Topical term or geographic name entry element Gender
650 ## - SUBJECT ADDED ENTRY--TOPICAL TERM
Topical term or geographic name entry element Women
650 ## - SUBJECT ADDED ENTRY--TOPICAL TERM
Topical term or geographic name entry element Literature
650 ## - SUBJECT ADDED ENTRY--TOPICAL TERM
Topical term or geographic name entry element Feminine
700 ## - ADDED ENTRY--PERSONAL NAME
Personal name Goodman, Lizbeth
Relator term (Role) Editor
942 ## - Koha item type (Biblio)
Koha item type Books in Stacks (Lending)
Holdings
Lost status Damaged status Collection code Home library Current library Date acquired Full call number Accession Number Item type
    Lending WERC Library WERC Library 09/02/2024 800 2416 Books in Stacks (Lending)

© WERC Library